[Event "Midland Ch Forrest Cup"]
[Site "Derby"]
[Date "1991.03.24"]
[Round "5"]
[White "Thomas, CD."]
[Black "Vere, Joe W"]
[Result "0-1"]
[WhiteElo "1616"]
[BlackElo "1840"]
[PlyCount "60"]
[EventDate "1991.03.22"]
[EventType "swiss"]
[EventRounds "6"]
[EventCountry "ENG"]
[SourceTitle "BritBase"]
[Source "John Saunders"]
[SourceDate "2022.11.28"]
[SourceVersion "1"]
[SourceVersionDate "2022.08.23"]
[SourceQuality "1"]

1. d4 Nf6 2. c4 e6 3. a3 d5 4. Nc3 c6 5. cxd5 exd5 6. Nf3 Bd6 7. Bg5 O-O 8. Qc2
Nbd7 9. e3 h6 10. h4 Re8 11. Be2 hxg5 12. hxg5 Ne4 13. Rh4 Nf8 14. Bd3 Nxg5 15.
Nxg5 Qxg5 16. Rh1 g6 17. O-O-O Bf5 18. Bxf5 Qxf5 19. Qe2 Ne6 20. g4 Qf6 21. Qc2
Kg7 22. f4 Nxf4 23. exf4 Qxf4+ 24. Kb1 Qxg4 25. Ka1 Rh8 26. Rhg1 Rh2 27. Qxh2
Qxd1+ 28. Rxd1 Bxh2 29. Re1 Bd6 30. Na4 Rd8 0-1

[Event "Midland Ch Forrest Cup"]
[Site "Derby"]
[Date "1991.03.24"]
[Round "5"]
[White "Waddingham, Graham A"]
[Black "House, Glenn L"]
[Result "1-0"]
[WhiteElo "2048"]
[BlackElo "2232"]
[PlyCount "78"]
[EventDate "1991.03.22"]
[EventType "swiss"]
[EventRounds "6"]
[EventCountry "ENG"]
[SourceTitle "BritBase"]
[Source "John Saunders"]
[SourceDate "2022.11.28"]
[SourceVersion "1"]
[SourceVersionDate "2022.08.23"]
[SourceQuality "1"]

1. e4 c5 2. f4 e6 3. Nc3 Nc6 4. Nf3 d5 5. Bb5 Nf6 6. Ne5 Qc7 7. Qf3 a6 8. Bxc6+
bxc6 9. O-O Be7 10. d3 O-O 11. b3 Bb7 12. Bb2 a5 13. Na4 c4 14. bxc4 dxe4 15.
Qg3 c5 16. Nc3 a4 17. Nb5 Qc8 18. dxe4 Bxe4 19. Rae1 Bxc2 20. Qf3 Ra6 21. Re2
Bg6 22. Rd1 a3 23. Ba1 Rb6 24. Red2 Be4 25. Qxa3 Ra6 26. Qb3 Bc6 27. a4 Ne4 28.
Re2 Bf6 29. Qc2 Bxe5 30. Bxe5 Qb7 31. Rde1 f5 32. Rd1 Rc8 33. Re3 Qa8 34. Red3
h6 35. Rd7 $2 (35. Nc7 $18) 35... Bxd7 36. Rxd7 g6 $2 (36... Rd8 $11) 37. Qb2
$2 (37. Qd1 $18) 37... Rxa4 $2 (37... Rd8 $1 $17) 38. Rg7+ Kf8 39. Bd6+ Ke8 1-0

[Event "Midland Ch Forrest Cup"]
[Site "Derby"]
[Date "1991.03.24"]
[Round "6"]
[White "Buckley, Graeme N"]
[Black "Hebden, Mark L"]
[Result "1-0"]
[WhiteElo "2224"]
[BlackElo "2512"]
[PlyCount "135"]
[EventDate "1991.03.22"]
[EventType "swiss"]
[EventRounds "6"]
[EventCountry "ENG"]
[SourceTitle "BritBase"]
[Source "John Saunders"]
[SourceDate "2022.11.28"]
[SourceVersion "1"]
[SourceVersionDate "2022.08.23"]
[SourceQuality "1"]

1. d4 Nf6 2. c4 g6 3. Nc3 Bg7 4. e4 d6 5. f4 O-O 6. Nf3 Na6 7. Be3 e5 8. dxe5
Ng4 9. Bg1 dxe5 10. h3 Nf6 11. Qxd8 Rxd8 12. Nxe5 Nh5 13. Bh2 Re8 14. g3 c6 15.
O-O-O Nc5 16. Bg2 Bxe5 17. fxe5 Nd7 18. Bf3 Ng7 19. Bg4 Nxe5 20. Bxc8 Raxc8 21.
g4 Nxc4 22. Rd7 Ne6 23. Rxb7 Nc5 24. Rxa7 Nd3+ 25. Kb1 Nf2 26. Re1 Nd2+ 27. Kc2
Nf3 28. Rf1 Nd4+ 29. Kc1 Nxe4 30. Rfxf7 Ng5 31. Rg7+ Kh8 32. Rge7 Ndf3 33. Bg3
Rxe7 34. Rxe7 Nxh3 35. Ne4 Nhg5 36. Nxg5 Nxg5 37. Bf4 Nf3 38. Re3 Ng1 39. Re1
Nh3 40. Be3 g5 41. Bd4+ Kg8 42. Re7 Nf4 43. Rg7+ Kf8 44. Rxh7 Re8 45. Rh8+ Kf7
46. Rxe8 Kxe8 47. Kd2 Kd7 48. Be3 Ng6 49. Bd4 Ke6 50. Ke3 c5 51. Bc3 Ne7 52.
Ke4 Nc8 53. Bd2 Nd6+ 54. Kd3 Nf7 55. Kc4 Kd6 56. Kb5 Kd5 57. b3 Nd6+ 58. Ka6
Ne4 59. Be3 Kc6 60. a4 Nf6 61. Bxg5 Nxg4 62. a5 Ne5 63. Bf6 Nd3 64. Ka7 Nf4 65.
Bg5 Nd5 66. Bd2 Nc7 67. Kb8 Na6+ 68. Ka8 1-0

[Event "Midland Ch Forrest Cup"]
[Site "Derby"]
[Date "1991.03.24"]
[Round "6"]
[White "Eames, Robert S"]
[Black "Smith, Graham M"]
[Result "1-0"]
[WhiteElo "2008"]
[BlackElo "2040"]
[PlyCount "69"]
[EventDate "1991.03.22"]
[EventType "swiss"]
[EventRounds "6"]
[EventCountry "ENG"]
[SourceTitle "BritBase"]
[Source "John Saunders"]
[SourceDate "2022.11.28"]
[SourceVersion "1"]
[SourceVersionDate "2022.08.23"]
[SourceQuality "1"]

1. d4 Nf6 2. c4 g6 3. Nc3 Bg7 4. e4 d6 5. f4 O-O 6. Nf3 c5 7. d5 e6 8. Be2 exd5
9. cxd5 b5 10. e5 dxe5 11. fxe5 Ng4 12. Bg5 f6 13. exf6 Bxf6 14. Qd2 Bxg5 15.
Nxg5 a6 16. d6 Ra7 17. Qd5+ Kh8 18. Qxc5 Nc6 19. h4 Qe8 20. Nce4 Rf4 21. Rc1
Nge5 22. Qe3 Rf8 23. h5 Bf5 24. g4 Bxg4 25. hxg6 Bxe2 26. Nxh7 Bh5 27. Rxh5
Qxg6 28. Nhf6+ Kg7 29. Rh7+ Qxh7 30. Nxh7 Kxh7 31. Qh3+ Kg7 32. Rc3 Nd4 33.
Rg3+ Ng6 34. Qg4 Rf6 35. Nxf6 1-0

[Event "Midland Ch Forrest Cup"]
[Site "Derby"]
[Date "1991.03.24"]
[Round "6"]
[White "Evans, Raymond G"]
[Black "Edwards, Louis Alan"]
[Result "1-0"]
[WhiteElo "2152"]
[BlackElo "2216"]
[PlyCount "87"]
[EventDate "1991.03.22"]
[EventType "swiss"]
[EventRounds "6"]
[EventCountry "ENG"]
[SourceTitle "BritBase"]
[Source "John Saunders"]
[SourceDate "2022.11.28"]
[SourceVersion "1"]
[SourceVersionDate "2022.08.23"]
[SourceQuality "1"]

1. d4 Nf6 2. c4 e6 3. Nc3 Bb4 4. e3 b6 5. Bd3 Bb7 6. Nf3 O-O 7. O-O c5 8. Na4
cxd4 9. a3 Be7 10. exd4 d6 11. Re1 Nbd7 12. Nc3 Re8 13. b4 Bf8 14. Bb2 g6 15.
Nd2 d5 16. c5 bxc5 17. dxc5 e5 18. Nb3 d4 19. Ne4 Nxe4 20. Bxe4 Bxe4 21. Rxe4
Nf6 22. Re1 Nd5 23. Nxd4 Nf4 24. Nc6 Qg5 25. Qf3 e4 26. Rxe4 Rxe4 27. Qxe4 Re8
28. Qf3 Re2 29. Bd4 Bg7 30. Bxg7 Kxg7 31. Rf1 Rd2 32. g3 Ne2+ 33. Kg2 f5 34.
Re1 Qg4 35. Qxg4 fxg4 36. Nxa7 Nd4 37. c6 Rc2 38. b5 Nf3 39. Rd1 Ne5 40. b6
Nxc6 41. Nxc6 Rxc6 42. Rb1 Rc8 43. b7 Rb8 44. a4 1-0

[Event "Midland Ch Forrest Cup"]
[Site "Derby"]
[Date "1991.03.24"]
[Round "6"]
[White "Hardy, Otto H"]
[Black "Gibbons, Michael J"]
[Result "1-0"]
[WhiteElo "1960"]
[BlackElo "1808"]
[PlyCount "59"]
[EventDate "1991.03.22"]
[EventType "swiss"]
[EventRounds "6"]
[EventCountry "ENG"]
[SourceTitle "BritBase"]
[Source "John Saunders"]
[SourceDate "2022.11.28"]
[SourceVersion "1"]
[SourceVersionDate "2022.08.23"]
[SourceQuality "1"]

1. e4 c5 2. Nf3 e6 3. d4 cxd4 4. c3 dxc3 5. Nxc3 d6 6. Bc4 Nc6 7. O-O Be7 8.
Qe2 Bd7 9. Rd1 a6 10. a3 Nf6 11. h3 O-O 12. Bg5 b5 13. Ba2 Rc8 14. Rd2 Qb6 15.
Rad1 Be8 16. Bf4 e5 17. Bg5 b4 18. axb4 Nxb4 19. Bc4 Bc6 20. Nh4 Bd7 21. Bxf6
gxf6 22. Nd5 Nxd5 23. Bxd5 Be6 24. Qh5 Rfd8 25. Rd3 Rc2 26. Rg3+ Kh8 27. Bxe6
Qxf2+ 28. Kh2 fxe6 29. Ng6+ Kg7 30. Nxe7+ 1-0

[Event "Midland Ch Forrest Cup"]
[Site "Derby"]
[Date "1991.03.24"]
[Round "6"]
[White "Ledger, Andrew J"]
[Black "Richmond, Peter A"]
[Result "1/2-1/2"]
[WhiteElo "2312"]
[BlackElo "2176"]
[PlyCount "116"]
[EventDate "1991.03.22"]
[EventType "swiss"]
[EventRounds "6"]
[EventCountry "ENG"]
[SourceTitle "BritBase"]
[Source "John Saunders"]
[SourceDate "2022.11.28"]
[SourceVersion "1"]
[SourceVersionDate "2022.08.23"]
[SourceQuality "1"]

1. d4 d5 2. Nf3 Nf6 3. g3 g6 4. Bg2 Bg7 5. O-O O-O 6. c4 c6 7. cxd5 cxd5 8. Nc3
e6 9. Bf4 Nc6 10. Ne5 Nd7 11. Nxc6 bxc6 12. Na4 e5 13. dxe5 Nxe5 14. Rc1 Qe7
15. Bxe5 Qxe5 16. Rxc6 Bd7 17. Rc5 Bxa4 18. Qxa4 Qxe2 19. Bxd5 Rad8 20. b3 Qd2
21. Bc4 Rd7 22. Qa6 Bd4 23. Rc8 Bb6 24. Rxf8+ Kxf8 25. a4 Qa5 26. Qc8+ Rd8 27.
Qg4 Qe5 28. Qf3 f5 29. Qb7 Qc7 30. Qf3 Qe5 31. b4 Rd2 32. Qa8+ Qe8 33. Qxe8+
Kxe8 34. Re1+ Kf8 35. Re2 Rxe2 36. Bxe2 Ke7 37. Kg2 h6 38. f4 Kf6 39. Kf3 g5
40. fxg5+ hxg5 41. h3 Bc7 42. b5 Ba5 43. Bd3 Bc7 44. Bc2 Bb6 45. h4 gxh4 46.
gxh4 Bc7 47. Ke3 Kg6 48. Bd1 Kf6 49. Kd4 Bb6+ 50. Kd5 Ba5 51. Kc6 Bb6 52. Kb7
Be3 53. a5 Kg7 54. Kc6 Kh6 55. Kd5 f4 56. Ke5 Kg7 57. Kf5 Kh8 58. Kg6 Bd4
1/2-1/2

[Event "Midland Ch Forrest Cup"]
[Site "Derby"]
[Date "1991.03.24"]
[Round "6"]
[White "Nelson, Jonathan P"]
[Black "Ledger, Dave J"]
[Result "1-0"]
[WhiteElo "2160"]
[BlackElo "2160"]
[PlyCount "73"]
[EventDate "1991.03.22"]
[EventType "swiss"]
[EventRounds "6"]
[EventCountry "ENG"]
[SourceTitle "BritBase"]
[Source "John Saunders"]
[SourceDate "2022.11.28"]
[SourceVersion "1"]
[SourceVersionDate "2022.08.23"]
[SourceQuality "1"]

1. d4 Nf6 2. c4 g6 3. Nc3 Bg7 4. e4 d6 5. Be2 O-O 6. Bg5 c5 7. d5 a6 8. a4 Qa5
9. Bd2 e6 10. Nf3 exd5 11. exd5 Qc7 12. h3 Bf5 13. Nh4 Bc8 14. O-O Re8 15. Qc2
Qe7 16. Bd3 Bd7 17. Nf3 a5 18. Rae1 Qf8 19. Rxe8 Bxe8 20. Bg5 Na6 21. Qd2 Bd7
22. Re1 h6 23. Bh4 Nb4 24. Bb1 Re8 25. Rxe8 Qxe8 26. Bxf6 Bxf6 27. Ne4 Be7 28.
Qxh6 Bxa4 29. Nfg5 Bxg5 30. Qxg5 Qf8 31. h4 Bb3 32. h5 Bxc4 33. Nf6+ Kg7 34.
hxg6 Nd3 35. Nh5+ Kg8 36. g7 Qe8 37. Nf6# 1-0

[Event "Midland Ch Forrest Cup"]
[Site "Derby"]
[Date "1991.03.24"]
[Round "6"]
[White "Raynes, Paul C"]
[Black "Cooper, Lawrence"]
[Result "0-1"]
[WhiteElo "2184"]
[BlackElo "2240"]
[PlyCount "72"]
[EventDate "1991.03.22"]
[EventType "swiss"]
[EventRounds "6"]
[EventCountry "ENG"]
[SourceTitle "BritBase"]
[Source "John Saunders"]
[SourceDate "2022.11.28"]
[SourceVersion "1"]
[SourceVersionDate "2022.08.23"]
[SourceQuality "1"]

1. e4 e5 2. Nf3 Nc6 3. Bc4 Nf6 4. d4 exd4 5. e5 d5 6. Bb5 Ne4 7. Nxd4 Bc5 8.
Be3 Bd7 9. Bxc6 bxc6 10. Nd2 Qh4 11. N2f3 Qe7 12. O-O O-O 13. Re1 Bb6 14. c3
Rad8 15. h3 c5 16. Nb3 Ba4 17. Qb1 c4 18. Nbd2 Nxd2 19. Bxd2 h6 20. Qf5 Qe6 21.
Qh5 c5 22. Nh4 Bc2 23. f4 Be4 24. Re3 Rb8 25. Rg3 Bd8 26. Rf1 $2 Rxb2 27. f5
Qxe5 28. Bf4 Qf6 29. Rg4 Qxh4 $1 30. Rxh4 Rxg2+ 31. Kh1 Rg5+ 32. Kh2 Rxh5 33.
Rxh5 Bf6 $19 34. Bd6 Rc8 35. Rg1 Kh7 36. Bf4 Bf3 0-1

[Event "Midland Ch Forrest Cup"]
[Site "Derby"]
[Date "1991.03.24"]
[Round "6"]
[White "Riley, Chris M"]
[Black "Cockerill, Frank S"]
[Result "1/2-1/2"]
[WhiteElo "2072"]
[BlackElo "2056"]
[PlyCount "80"]
[EventDate "1991.03.22"]
[EventType "swiss"]
[EventRounds "6"]
[EventCountry "ENG"]
[SourceTitle "BritBase"]
[Source "John Saunders"]
[SourceDate "2022.11.28"]
[SourceVersion "1"]
[SourceVersionDate "2022.08.23"]
[SourceQuality "1"]

1. e4 e5 2. Nf3 Nc6 3. d4 exd4 4. c3 dxc3 5. Bc4 Nf6 6. Nxc3 Bb4 7. e5 d5 8.
exf6 dxc4 9. Qxd8+ Kxd8 10. fxg7 Rg8 11. Bh6 Be6 12. O-O-O+ Ke8 13. Ne4 Be7 14.
Nfg5 Nb4 15. Rhe1 Nd3+ 16. Rxd3 cxd3 17. Nxh7 c5 18. Nhf6+ Bxf6 19. Nxf6+ Ke7
20. Nxg8+ Rxg8 21. b3 b5 22. Kd2 c4 23. a4 $2 (23. bxc4 bxc4 24. Re5 $18) 23...
a6 (23... cxb3 $11) 24. axb5 axb5 25. Re5 Rb8 $2 26. Rxb5 Rd8 27. bxc4 Bxc4 28.
Rb4 Be6 29. Rd4 f6 30. Rxd8 Kxd8 31. Kxd3 (31. Be3 $5 $16) 31... Ke8 32. Ke4
Kf7 33. g8=Q+ Kxg8 34. f4 Bc8 35. g3 Kh7 36. Bf8 Kg6 37. Be7 Bb7+ 38. Ke3 f5
39. Kf2 Kh5 40. h3 Bc8 1/2-1/2

[Event "Midland Ch Forrest Cup"]
[Site "Derby"]
[Date "1991.03.24"]
[Round "6"]
[White "Rose, Kenneth T"]
[Black "Jackson, Oliver A"]
[Result "0-1"]
[WhiteElo "2040"]
[BlackElo "2128"]
[PlyCount "68"]
[EventDate "1991.03.22"]
[EventType "swiss"]
[EventRounds "6"]
[EventCountry "ENG"]
[SourceTitle "BritBase"]
[Source "John Saunders"]
[SourceDate "2022.11.28"]
[SourceVersion "1"]
[SourceVersionDate "2022.08.23"]
[SourceQuality "1"]

1. e4 c5 2. c3 Nf6 3. e5 Nd5 4. d4 cxd4 5. Nf3 e6 6. cxd4 Be7 7. a3 b6 8. Bd3
Ba6 9. Bxa6 Nxa6 10. O-O h6 11. Qd3 Nb8 12. Nc3 Nxc3 13. bxc3 d5 14. exd6 Bxd6
15. c4 O-O 16. Bb2 Nd7 17. Rfe1 Re8 18. Re2 Rc8 19. g3 Qc7 20. Nd2 Bf8 21. Rae1
Red8 22. Qb3 a6 23. Rc1 Qb8 24. a4 Re8 25. f4 Qc7 26. Rce1 Rcd8 27. Ba3 Bxa3
28. Qxa3 Nf6 29. Qe3 Qd7 30. Rb1 Rb8 31. Nf3 Qxa4 32. Reb2 Qxc4 33. Rxb6 Rxb6
34. Rxb6 Nd5 0-1

[Event "Midland Ch Forrest Cup"]
[Site "Derby"]
[Date "1991.03.24"]
[Round "6"]
[White "Stimpson, Paul"]
[Black "Clarke, Peter C"]
[Result "1-0"]
[WhiteElo "1800"]
[BlackElo "1920"]
[PlyCount "43"]
[EventDate "1991.03.22"]
[EventType "swiss"]
[EventRounds "6"]
[EventCountry "ENG"]
[SourceTitle "BritBase"]
[Source "John Saunders"]
[SourceDate "2022.11.28"]
[SourceVersion "1"]
[SourceVersionDate "2022.08.23"]
[SourceQuality "1"]

1. e4 e6 2. d4 d5 3. Nd2 Nf6 4. e5 Nfd7 5. Bd3 c5 6. c3 Nc6 7. Ne2 Qb6 8. Nf3
cxd4 9. cxd4 f6 10. exf6 Nxf6 11. O-O Bd6 12. Nc3 O-O 13. Be3 Bd7 14. a3 Rae8
$6 15. b4 Ne7 $6 16. Ne5 Nf5 $2 17. Bxf5 exf5 18. Nxd5 $1 $18 Nxd5 19. Nxd7
Nxe3 20. Qb3+ Rf7 21. Nxb6 Nxf1 22. Nc4 1-0